Neth Maima (A Glimpse of the East) (Record no. 2098)

MARC details
000 -LEADER
fixed length control field 023530000a22003730004500
003 - CONTROL NUMBER IDENTIFIER
control field LK-CoMWRAF
008 - FIXED-LENGTH DATA ELEMENTS--GENERAL INFORMATION
fixed length control field 230817t ||||| |||| 00| 0 eng d
020 ## - INTERNATIONAL STANDARD BOOK NUMBER
International Standard Book Number 9789551274320
040 ## - CATALOGING SOURCE
Original cataloging agency LK-CoMWRAF
Modifying agency LK-CoMWRAF
Description conventions LK-CoMWRAF
041 ## - LANGUAGE CODE
Language code of text/sound track or separate title English
082 ## - DEWEY DECIMAL CLASSIFICATION NUMBER
Classification number 730
Item number GLI
942 ## - ADDED ENTRY ELEMENTS (KOHA)
Koha item type Books
245 ## - TITLE STATEMENT
Title Neth Maima (A Glimpse of the East)
Remainder of title Dakune Madyawedinge Negenehira Charikawa (Impressions of Southern Journalists)
250 ## - EDITION STATEMENT
Edition statement 1st Edition
260 ## - PUBLICATION, DISTRIBUTION, ETC. (IMPRINT)
Name of publisher, distributor, etc. National Peace Council
Place of publication, distribution, etc. Sri Lanka (Colombo 06)
Date of publication, distribution, etc. 2007
300 ## - PHYSICAL DESCRIPTION
Extent p.100
650 ## - SUBJECT ADDED ENTRY--TOPICAL TERM
Topical term or geographic name as entry element A correct picture of the eastern crisis is necessary by Ven. Mawadavila Shantha Thero - Telwatte
650 ## - SUBJECT ADDED ENTRY--TOPICAL TERM
Topical term or geographic name as entry element A society immune to bribery and corruption by Bandula Gunasekara (Journalist - Kamburupitiya)
650 ## - SUBJECT ADDED ENTRY--TOPICAL TERM
Topical term or geographic name as entry element Change of attitude necessary towards the ceasefire agreement by P.D. Liyanage by (Correspondent - Matara)
650 ## - SUBJECT ADDED ENTRY--TOPICAL TERM
Topical term or geographic name as entry element Civilian life in Trincomalee squashed by separatism, Shantha Mahindapala (Field Coordinator - National Peace Council)
650 ## - SUBJECT ADDED ENTRY--TOPICAL TERM
Topical term or geographic name as entry element Fight for Peace by M.P. Chandrapala (Correspondent, Lankadeepa - Tangalle)
650 ## - SUBJECT ADDED ENTRY--TOPICAL TERM
Topical term or geographic name as entry element If solidarity is to be ensured by Ariyadasa Kodituwakku (Correspondent, Lankadeepa - Tangalle)
650 ## - SUBJECT ADDED ENTRY--TOPICAL TERM
Topical term or geographic name as entry element Keeping space for freedom and Peace by T.K. Sugathadasa (Correspondent - Malimbada)
650 ## - SUBJECT ADDED ENTRY--TOPICAL TERM
Topical term or geographic name as entry element My experience during the Eastern tour - D.J. Wijesinghe (Journalist - Elpitiya)
650 ## - SUBJECT ADDED ENTRY--TOPICAL TERM
Topical term or geographic name as entry element Peace without Peace by L.Y. Sujith Kumara (Journalist)
650 ## - SUBJECT ADDED ENTRY--TOPICAL TERM
Topical term or geographic name as entry element Southern journalist four day observation tour of Trincomalee by Asoka Chandrasena (Correspondent - Matara)
650 ## - SUBJECT ADDED ENTRY--TOPICAL TERM
Topical term or geographic name as entry element The Barbaric War - Ven. Morahela Sumanaransi Maha Thero - Uragasmanhandiya
650 ## - SUBJECT ADDED ENTRY--TOPICAL TERM
Topical term or geographic name as entry element The Eastern Population still afflicted by the ill-effects of the War by Jayatissa Tennekoon
650 ## - SUBJECT ADDED ENTRY--TOPICAL TERM
Topical term or geographic name as entry element The Kuchchiaveli - A poor villege by Justin Kodikara - Matara
650 ## - SUBJECT ADDED ENTRY--TOPICAL TERM
Topical term or geographic name as entry element The People of the East suffering in the face of disparity in the distribution of Tsunami relief by W.P. Dharmasena (Journalist - Matara)
650 ## - SUBJECT ADDED ENTRY--TOPICAL TERM
Topical term or geographic name as entry element The tour of the east by southern jounalists, Lasantha Wijayarathna (Editor-in-chief - Dakshina Lanka)
650 ## - SUBJECT ADDED ENTRY--TOPICAL TERM
Topical term or geographic name as entry element Withdrawal of security forces from Trincomalee by K.W. Gunawardene (Correspondent - Akuressa)
650 ## - SUBJECT ADDED ENTRY--TOPICAL TERM
Topical term or geographic name as entry element Women of Kinniya by S. Dharmalingam (Field Coordinator - National Peace Council)
Holdings
Withdrawn status Lost status Damaged status Not for loan Permanent Location Current Location Date acquired Full call number Barcode Koha item type
        Resource center, Muslim Women's Research And Action Forum Resource center, Muslim Women's Research And Action Forum 2023-08-17 730 GLI RAF4444 Books

Copyright © 2023 Muslim Women's Research and Action Forum (MWRAF), No 27/3, Anderson Road, Kalubowila, Dehiwela. Funded by The Asia Fundation